La dinámica del mercado laboral urbano en la Argentina, 1976-1981 (Registro nro. 16407)
[ vista simple ]
| 000 -LEADER | |
|---|---|
| fixed length control field | 00395 a2200121 4500 |
| 001 - CONTROL NUMBER | |
| control field | ART_3459 |
| 005 - DATE AND TIME OF LATEST TRANSACTION | |
| control field | 20260410161715.0 |
| 008 - FIXED-LENGTH DATA ELEMENTS--GENERAL INFORMATION | |
| fixed length control field | 260409a |
| 100 1# - MAIN ENTRY--PERSONAL NAME | |
| Personal name | Diéguez, Héctor L. |
| 245 10 - TITLE STATEMENT | |
| Title | La dinámica del mercado laboral urbano en la Argentina, 1976-1981 |
| 700 1# - ADDED ENTRY--PERSONAL NAME | |
| Personal name | Gerchunoff, Pablo |
| 773 0# - HOST ITEM ENTRY | |
| Title | Desarrollo económico |
| Related parts | - Vol. 24, Nº 93 (abr./jun. 1984) |
| Record control number | REV1174 |
No hay ítems disponibles.